Záverčný účet federácie vyrovnaný Zasadalo Federálne zhromaždenie ČSSR

Podrobná bibliografia
Hlavný autor: Zdobina, František (Autor)
Médium: Článok
Jazyk:slovenčina
Predmet:

MARC

LEADER 00000nab a2200000 a 4500
001 vtls000084904
003 SK-MaSNL
005 20260303032041.0
008 160202c1981 xo 0 slo
015 |a SNBRB19rr/mm-uuuuu 
035 |a CL0095006 
040 |a SNKBUCL  |b slo  |c SNKBUCL  |e AACR2 
041 0 |a slo 
044 |a xo  |c SK 
080 |a 328  |2 1981 
100 1 |a Zdobina, František  |4 aut  |9 921654 
245 1 0 |a Záverčný účet federácie vyrovnaný  |b Zasadalo Federálne zhromaždenie ČSSR  |c František Zdobina 
650 0 7 |a Federálne zhromaždenie ČSSR  |2 snkbucl  |9 921641 
650 0 7 |a Snemovňa ľudu  |2 snkbucl  |9 921642 
650 0 7 |a Snemovňa národov  |2 snkbucl  |9 921643 
651 7 |a 3100  |2 snkbucl  |9 920766 
655 7 |a články z novín a časopisov  |2 snkbucl  |9 267496 
773 0 |t Pravda  |g Roč. 62, č. 124 (28. 5. 1981), s. 1-2 
850 |a Slovenská národná knižnica v Martine  |a MTA001 
852 |a SNK  |b KIS3GCP 
958 |a RK 
958 |a CZ 
992 |a RBX 
999 |c 1661973  |d 1663903